Všeobecne záväzné nariadenie obce vo väzbe na daň z nehnuteľností

Všeobecné záväzné nariadenia obce. Orgány verejnej moci. Všeobecné záväzné nariadenie obce vo väzbe na pôsobnosť obce. Platnosť a účinnosť všeobecne záväzného nariadenia. Zákonnosť všeobecne záväzných nariadení. Všeobecne záväzné nariadenie obce k dani z nehnuteľností. Možnosti správcov dane z nehnu...

Ausführliche Beschreibung

Gespeichert in:
Bibliographische Detailangaben
1. Verfasser: Harušťáková, Iveta
Format: Buchkapitel
Sprache:Slowakisch
Schlagworte:
Tags: Tag hinzufügen
Keine Tags, Fügen Sie das erste Tag hinzu!

MARC

LEADER 00000naa a2200000 4500
001 r036592
005 20230926082122.4
041 0 |a slo 
044 |a SK 
245 1 0 |a Všeobecne záväzné nariadenie obce vo väzbe na daň z nehnuteľností  |c Iveta Harušťáková 
520 |a Všeobecné záväzné nariadenia obce. Orgány verejnej moci. Všeobecné záväzné nariadenie obce vo väzbe na pôsobnosť obce. Platnosť a účinnosť všeobecne záväzného nariadenia. Zákonnosť všeobecne záväzných nariadení. Všeobecne záväzné nariadenie obce k dani z nehnuteľností. Možnosti správcov dane z nehnuteľností pri dani z pozemkov, pri dani zo stavieb, pri dani z bytov. Dôsledky na daň z nehnuteľností. 
610 2 0 |a obce 
610 2 0 |a zastupiteľstvá obecné 
610 2 0 |a správa miestna 
610 2 0 |a samospráva 
610 2 0 |a vyhlášky 
610 2 0 |a normy právne 
610 2 0 |a dane z nehnuteľností 
100 1 |a Harušťáková, Iveta